01728nam a2200385 a 4500008004100000020001800041041000800059245007300067250020000140260005000340300001300390500013900403653004100542653006200583653001000645653004400655653003800699653005000737653006200787653005000849653006500899653006000964653002701024653003201051653004601083653002601129653001901155653003601174700002201210700002401232700002201256700002301278700001901301700002201320181120s2016 mx ||||fr|||| 001 0 spa d a9786071513366 aspa aHarrison. Principios de Medicina Interna.bVol.1 /cDennis L. kasper a19a ed.bTraducción Martha Elena Araiza Martinez ; José Rafael Blengio Pinto ; Ana Maria Pérez Tamayo ; Saúl Lira Albarrán ; Héctor Barrera Villavicencio y Patricia Talamás Rhoana.  aMéxico:bMcGraw Hill Interamericana;c2016. a1-465 p. aKasper, D. L. (Ed.). et al. (2016). Harrison. Principios de medicina interna. Vol.1 (19a ed.). México : McGraw-Hill Interamericana.  aGeneralidades de la medicina clinica aManifestaciones cardinales y presentacion de enfermedades aDolor aAlteraciones de la temperatura corporal aDisfunción del sistema nervioso aTrastornos del ojos, oído, nariz y faringe. aAlteraciones en las funciones circulatoria y respiratoria aAlteraciones en la función gastrointestinal aAlteraciones en la función renal y de las vías urinarias aAlteraciones en la función sexual y la reproducción aTranstornos en la piel aTranstornos hematológicos aGenes el medioambiente y las enfermedades aMedicina regenerativa aEnvejecimiento aNutrición y pérdida de peso1 aKasper, Dennis L.1 aHauser, Stephen L. 1 aJameson, J.Larry 1 aFauci, Anthony S. 1 aLongo, Dan L. 1 aLoscalzo, Joseph